New perspectives in stress management / (Record no. 132540)

MARC details
000 -LEADER
fixed length control field 00790nam a22002417a 4500
005 - DATE AND TIME OF LATEST TRANSACTION
control field 20170124110156.0
010 ## - LIBRARY OF CONGRESS CONTROL NUMBER
LC control number A-953368
020 ## - INTERNATIONAL STANDARD BOOK NUMBER
Terms of availability 00.00
International Standard Book Number 818731303
035 ## - SYSTEM CONTROL NUMBER
System control number A-953368
037 ## - SOURCE OF ACQUISITION
Source of stock number/acquisition Cen Lib/Ret
040 ## - CATALOGING SOURCE
Original cataloging agency DPL
Language of cataloging EN
082 ## - DEWEY DECIMAL CLASSIFICATION NUMBER
Classification number 155.9042
Item number NAG
100 ## - MAIN ENTRY--PERSONAL NAME
Personal name Nagendra, H. R
9 (RLIN) 35028
245 ## - TITLE STATEMENT
Title New perspectives in stress management /
Statement of responsibility, etc by H. R. Nagendra [and] R. Nagarathna
260 ## - PUBLICATION, DISTRIBUTION, ETC. (IMPRINT)
Place of publication, distribution, etc Bangalore
Name of publisher, distributor, etc Vivekananda Kendra Yoga Prakashana
Date of publication, distribution, etc 1998
270 ## - ADDRESS
Address No. 19, Eknath Bhavan, Gavipuram Circle
City Bangalore
Postal code 560019
300 ## - PHYSICAL DESCRIPTION
Extent 112p. :
Dimensions 21cm(Hb)
Other physical details ill.
500 ## - GENERAL NOTE
General note Includes bibliographical references
650 ## - SUBJECT ADDED ENTRY--TOPICAL TERM
Topical term or geographic name as entry element Stress management
9 (RLIN) 35029
650 ## - SUBJECT ADDED ENTRY--TOPICAL TERM
Topical term or geographic name as entry element Yoga
9 (RLIN) 35030
700 ## - ADDED ENTRY--PERSONAL NAME
Personal name Nagarathna, R
9 (RLIN) 35031
942 ## - ADDED ENTRY ELEMENTS (KOHA)
Source of classification or shelving scheme Dewey Decimal Classification
Koha item type English Books
Classification part 155.9042
Call number suffix NAG
Holdings
Withdrawn status Lost status Damaged status Not for loan Home library Current library Date acquired Source of acquisition Cost, normal purchase price Total Checkouts Full call number Barcode Date last seen Date checked out Copy number Cost, replacement price Price effective from Koha item type
        Central Library Central Library 22/07/2015 Cen Lib/Ret 0.00 1 155.9042 NAG A-953368 13/09/2022 30/08/2022 1 0.00 22/07/2015 English Books

© Delhi Public Library
Hit Counter
free hit counter